Administratívno - prevádzková budova

Salvato in:
Dettagli Bibliografici
Autore principale: Gurzhiev, Anton, 1988- (Autore)
Altri autori: Bizub, Jozef, 1946- (Relatore della tesi)
Natura: Manoscritto Libro
Lingua:slovacco
Pubblicazione: Bratislava : STU v Bratislave SvF, 2011
Soggetti:
Accesso online:VAIS
Tags: Aggiungi Tag
Nessun Tag, puoi essere il primo ad aggiungerne!!

MARC

LEADER 00000ntm a22000003a 4500
001 stu230273
005 20150617230139.7
008 110708s2011----xo------------------slo-d
040 |a STU  |b slo 
041 0 |a slo 
044 |a xo 
100 1 |a Gurzhiev, Anton,  |d 1988-  |4 aut  |u V  |T SvF Stavebná fakulta  |X 39687  |U V  |Y 10  |7 A000039687 
242 0 0 |a Administrative and office building   |y eng 
245 1 |a Administratívno - prevádzková budova  
260 |a Bratislava :  |b STU v Bratislave SvF,  |c 2011 
650 7 |a technológia stavieb  |2 stusub 
650 7 |a Building Technology  |2 estusub 
650 7 |a sklenená fasáda  |2 stusub 
700 1 |a Bizub, Jozef,  |d 1946-  |4 ths  |u V270  |U SvF Stavebná fakulta  |T SvF Katedra technológie stavieb  |X 579  |U V270  |Y 28  |7 A000000579 
856 4 |a info a plný text  |u http://is.stuba.sk/zp/portal_zp.pl?podrobnosti=76639  |3 VAIS